000 00335 a2200145 4500
001 176626
020 _a
040 _cMagnum
100 _aByrne, Donn
240 1 0 _aGandhi: his life was the message
_lING
245 1 0 _aGandhi: his life was the message
362 0 _a1899
697 _aMAGNITO: LITERATURA ESTRANGEIR
942 _cBK
999 _c176626
_d176626